[Event "NED-ch U13"]
[Site "Rijswijk"]
[Date "2008.05.03"]
[Round "7"]
[White "Burg, Matthijs"]
[Black "Yue, Tim"]
[Result "1-0"]
[WhiteElo "1209"]
[BlackElo "1347"]
[PlyCount "127"]
[EventDate "2008.05.01"]
[EventType "swiss"]
[EventRounds "9"]
[EventCountry "NED"]
[SourceTitle "EXT 2010"]
[Source "ChessBase"]
[SourceDate "2010.11.25"]
[SourceVersion "1"]
[SourceVersionDate "2010.11.25"]
[SourceQuality "1"]

1. e4 c5 2. Nc3 d6 3. Nf3 Nf6 4. d3 g6 5. Be2 Bg7 6. Bg5 0-0 7. 0-0 Nc6 8. Qd2 Re8 9. Bh6 Bh8 10. d4 cxd4 11. Nxd4 Nxe4 12. Nxe4 Nxd4 13. Rab1 Bf5 14. Bd3 Qd7 15. c3 Nc6 16. f3 Ne5 17. Rbe1 b6 18. Bc2 Rac8 19. Bb3 Qc6 20. Ng3 Qc5+ 21. Kh1 Bd7 22. f4 Ng4 23. f5 Nxh6 24. Qxh6 Bg7 25. Qf4 Bb5 26. fxg6 Bxf1 27. gxf7+ Kh8 28. fxe8Q+ Rxe8 29. Rxf1 Rf8 30. Qc4 Qxc4 31. Bxc4 Re8 32. Kg1 e5 33. Rf7 a5 34. Nf5 Bf8 35. Rd7 d5 36. Rxd5 Bc5+ 37. Kf1 e4 38. Ke2 Rg8 39. g3 Re8 40. Nd6 Re6 41. Nf7+ Kg7 42. Rg5+ Kxf7 43. Bxe6+ Kxe6 44. a3 Kf6 45. Rd5 Ke6 46. Rd1 a4 47. Kf1 h5 48. Rd8 Kf5 49. Ra8 Kg4 50. Rxa4 Kf3 51. Ra8 Ke3 52. Ke1 Kd3 53. Rd8+ Kc2 54. Rd2+ Kb3 55. Re2 e3 56. h3 Ka2 57. b4+ Ka1 58. bxc5 Kb1 59. cxb6 Ka1 60. Rxe3 Kb1 61. b7 Ka1 62. b8Q h4 63. Re2 hxg3 64. Qb2# 1-0

[Event "NED-ch U13"]
[Site "Rijswijk"]
[Date "2008.05.01"]
[Round "1"]
[White "Vereggen, Lars"]
[Black "Burg, Matthijs"]
[Result "1-0"]
[WhiteElo "1475"]
[BlackElo "1209"]
[PlyCount "53"]
[EventDate "2008.05.01"]
[EventType "swiss"]
[EventRounds "9"]
[EventCountry "NED"]
[SourceTitle "EXT 2010"]
[Source "ChessBase"]
[SourceDate "2010.11.25"]
[SourceVersion "1"]
[SourceVersionDate "2010.11.25"]
[SourceQuality "1"]

1. e4 e5 2. Nf3 Nc6 3. d4 exd4 4. Nxd4 Nxd4 5. Qxd4 d6 6. Nc3 Nf6 7. Be3 Be6 8. Be2 a6 9. f3 Be7 10. 0-0 c6 11. Rad1 Qc7 12. Qd2 Rd8 13. Qe1 d5 14. Qf2 Qd6 15. f4 Qb4 16. e5 Ne4 17. Nxe4 Qxe4 18. Bd3 Qb4 19. f5 Bc8 20. f6 gxf6 21. exf6 Bf8 22. Bh6 Qxb2 23. Rde1+ Be6 24. Bf5 c5 25. Bxe6 Bd6 26. Bxd5+ Kd7 27. Qf5+ 1-0